000
00314nam a22001337a 4500
008
190305b xxu||||| |||| 00| 0 eng d
020
_a
9780324117769
041
_a
eng
080
_2
7th
_a
721.053
100
_a
62
101
_a
AUD
245
_a
Auditing and Assurance Services
_c
Ricchiute,D.N
942
_2
udc
_c
BK
999
_c
54513
_d
54513